Deformations of compact complex manifolds /
Guardado en:
| Autor Principal: | |
|---|---|
| Formato: | Libro |
| Idioma: | English |
| Publicado: |
Montréal :
Presses de l'Université de Montréal,
1971.
|
| Series: | Séminaire de mathématiques supérieures ;
39 |
| Materias: | |
| Etiquetas: |
Agregar Etiqueta
Sin Etiquetas, Sea el primero en etiquetar este registro!
|
| LEADER | 00805nam a2200229 a 4500 | ||
|---|---|---|---|
| 001 | MAT.inmabb004618 | ||
| 008 | 720202s1971####quc######b####000#0#eng## | ||
| 005 | 20130322162457.0 | ||
| 245 | 1 | 0 | |a Deformations of compact complex manifolds / |c par Masatake Kuranishi. |
| 260 | |a Montréal : |b Presses de l'Université de Montréal, |c 1971. | ||
| 300 | |a 99 p. ; |c 28 cm. | ||
| 440 | 0 | |a Séminaire de mathématiques supérieures ; |v 39 | |
| 500 | |a Cabecera de portada: Université de Montréal. Departement de mathématiques. | ||
| 504 | |a Bibliografía: p. [95]-96. | ||
| 510 | 4 | |a MR, |c 50 #7588 | |
| 020 | |a 0840501714 | ||
| 100 | 1 | |a Kuranishi, Masatake, |d 1924- | |
| 650 | 0 | |a Complex manifolds. | |
| 084 | |a 32G05 |2 msc2000 | ||
| 010 | |a 75883975 | ||
| 040 | |a DLC |c DLC |d DLC | ||
| 859 | |h 32 |i K96 |p A-4448 |b BIB. MATEMATICA | ||
